000 00692cam a22002413a 4500
001 24837
003 PGUSA
005 20140828083532.0
008 080315s2008||||xxu|||||s|||||000 1 eng d
040 _aPGUSA
_beng
042 _adc
050 4 _aPR
100 1 _aBecke, Louis,
_d1855-1913
245 1 4 _aThe Trader's Wife :
_b1901
_h[electronic resource] /
_cLouis Becke
260 _bProject Gutenberg,
_c2008
506 _aPublic domain in the USA.
516 _aElectronic text
653 _aOceania -- Fiction
653 _aPacific Area -- Social life and customs -- Fiction
830 0 _aProject Gutenberg
_v24837
856 4 0 _uhttp://www.gutenberg.org/ebooks/24837
942 _cEB
999 _c254092
_d254092